Ένας ελέφαντας το κάτι άλλο
Saved in:
| Main Author: | |
|---|---|
| Format: | Book |
| Language: | Greek |
| Published: |
Αθήνα :
Ελληνοεκδοτική,
2019.
|
| Subjects: | |
| Tags: |
Add Tag
No Tags, Be the first to tag this record!
|
MARC
| LEADER | 00000nam a2200000 a 4500 | ||
|---|---|---|---|
| 001 | 1/126755 | ||
| 008 | 230531s2019####gr | ||| |||| ||gre|| | ||
| 020 | |a 9789605632847 | ||
| 040 | |a GR-MyUa |b gre |c GR-MyUa |e AACR2 | ||
| 041 | 0 | |a gre | |
| 082 | 7 | |a 808.068 |2 (23) | |
| 100 | 1 | |a Θεοχάρη, Άννη. | |
| 245 | 1 | 0 | |a Ένας ελέφαντας το κάτι άλλο / |c Άννη Θεοχάρη ; εικονογράφηση: Άννη Θεοχάρη. |
| 260 | |a Αθήνα : |b Ελληνοεκδοτική, |c 2019. | ||
| 300 | |a 33 σ. : |b έγχρ. εικ. ; |c 22 εκ. | ||
| 650 | 0 | |a Children's books. | |
| 650 | 0 | |a Children's literature. | |
| 650 | 0 | |a Illustrated children's books. | |
| 650 | 0 | |a Fairy tales. | |
| 655 | 7 | |a Fairy tales |2 lcgft | |
| 700 | 1 | |a Θεοχάρη, Άννη, |e ill | |
| 852 | |a INST |b RHODES |e 20230531 |h 808.068 ΘΕΟ |p 005400043619 |q 005400043619 |t BK |y 0 | ||
| 970 | |z 31-05-2023 | ||